Бухгалтерский учет для предпринимателей 1

Detalles Bibliográficos
Autor Principal: Вуд Ф. Фрэнк
Idioma:ruso
Publicado: Москва, Аскери, 1993-
Edición:5-е изд.
Formato: MixedMaterials Libro
KOHA link:https://koha.lib.tpu.ru/cgi-bin/koha/opac-detail.pl?biblionumber=61215

MARC

LEADER 00000nam1a2200000 4500
001 61215
005 20231031062428.0
035 |a (RuTPU)RU\TPU\book\64772 
035 |a RU\TPU\book\17590 
090 |a 61215 
100 |a 20040305d1993 m y0rusy50 ca 
101 1 |a rus 
102 |a RU 
200 1 |a Бухгалтерский учет для предпринимателей 1  |f Ф. Вуд 
205 |a 5-е изд. 
210 |a Москва  |c Аскери  |d 1993- 
700 1 |a Вуд  |b Ф.  |g Фрэнк 
801 0 |a RU  |b 63413507  |c 20011209  |g PSBO 
801 2 |a RU  |b 63413507  |c 20040305  |g PSBO 
942 |c BK